000 00675nam a22002417a 4500
003 UA-OsUOA
001 72258
007 ta
008 20101230b un ||||| |||| 00| 0 ukr d
100 _aОрчи Б.
090 _a821.161.1
_bО-70
942 _cBK
040 _aUA-OsUOA
_brus
_cUA-OsUOA
_dUA-OsUOA
245 _aЛига красного цветка
_bЦикл Романов
300 _a480 с.
955 _a2
041 _arus
080 _a821.161.1
020 _a5-86722-079-6
260 _aСевастополь
_bКавказский край
_c1993
650 7 _a82 Література. Літературознавство
_2UDC
999 _c358490
_d358490